Black cargoes; (Record no. 131425)
[ view plain ]
| 000 -LEADER | |
|---|---|
| fixed length control field | 00810cam a22002531 4500 |
| 001 - CONTROL NUMBER | |
| control field | 1222777 |
| 003 - CONTROL NUMBER IDENTIFIER | |
| control field | ARRUPE |
| 005 - DATE AND TIME OF LATEST TRANSACTION | |
| control field | 20220517080732.0 |
| 008 - FIXED-LENGTH DATA ELEMENTS--GENERAL INFORMATION | |
| fixed length control field | 730424s1962 nyua b 000 0 eng |
| 010 ## - LIBRARY OF CONGRESS CONTROL NUMBER | |
| LC control number | 62011674 |
| 040 ## - CATALOGING SOURCE | |
| Original cataloging agency | DLC |
| Transcribing agency | DLC |
| Modifying agency | DLC |
| 043 ## - GEOGRAPHIC AREA CODE | |
| Geographic area code | n------ |
| -- | s------ |
| -- | fw----- |
| 050 00 - LIBRARY OF CONGRESS CALL NUMBER | |
| Classification number | HT1049 |
| Item number | .M2 |
| 082 00 - DEWEY DECIMAL CLASSIFICATION NUMBER | |
| Classification number | 326.1 |
| 300 ## - PHYSICAL DESCRIPTION | |
| Other physical details | illus. |
| Dimensions | 22 cm. |
| 100 1# - MAIN ENTRY--PERSONAL NAME | |
| Personal name | Mannix, Daniel Pratt, |
| Dates associated with a name | 1911- |
| 9 (RLIN) | 51576 |
| 245 10 - TITLE STATEMENT | |
| Title | Black cargoes; |
| Remainder of title | a history of the Atlantic slave trade, 1518-1865. |
| Statement of responsibility, etc | In collaboration with Malcolm Cowley. |
| 260 ## - PUBLICATION, DISTRIBUTION, ETC. (IMPRINT) | |
| Place of publication, distribution, etc | New York, |
| Name of publisher, distributor, etc | Viking Press |
| Date of publication, distribution, etc | [1962] |
| 300 ## - PHYSICAL DESCRIPTION | |
| Extent | 306 p. |
| 504 ## - BIBLIOGRAPHY, ETC. NOTE | |
| Bibliography, etc | Includes bibliography. |
| 650 #0 - SUBJECT ADDED ENTRY--TOPICAL TERM | |
| Topical term or geographic name as entry element | Slave trade |
| Geographic subdivision | America. |
| 9 (RLIN) | 27315 |
| 650 #0 - SUBJECT ADDED ENTRY--TOPICAL TERM | |
| Topical term or geographic name as entry element | Slave trade |
| Geographic subdivision | Africa, West. |
| 9 (RLIN) | 5427 |
| 906 ## - LOCAL DATA ELEMENT F, LDF (RLIN) | |
| a | 7 |
| b | cbc |
| c | orignew |
| d | u |
| e | ocip |
| f | 19 |
| g | y-gencatlg |
| 942 ## - ADDED ENTRY ELEMENTS (KOHA) | |
| Source of classification or shelving scheme | Library of Congress Classification |
| Koha item type | Monograph ( Printed materials) |
| Withdrawn status | Lost status | Source of classification or shelving scheme | Damaged status | Not for loan | Collection code | Home library | Current library | Shelving location | Date acquired | Total Checkouts | Full call number | Barcode | Date last seen | Price effective from | Koha item type |
|---|---|---|---|---|---|---|---|---|---|---|---|---|---|---|---|
| Library of Congress Classification | Main Collection | ARRUPE LIBRARY | ARRUPE LIBRARY | Main Collection | 17/05/2022 | HT1049 .M2 | 46600008494 | 17/05/2022 | 17/05/2022 | Monograph ( Printed materials) |